Come to Victoria Falls down in Zimbabwe [

Bibliographic Details
Format: Book
Published: Zimbabwe : NAtional Events Trust , 2003
Subjects:

MARC

LEADER 00000cam a2200000 7i4500
001 0000017600
005 20061130.0
040 |a INS 
090 0 0 |a DT 140.V54 2003 
245 0 0 |a Come to Victoria Falls down in Zimbabwe [  |h video recording] 
260 |a Zimbabwe :   |b NAtional Events Trust ,   |c 2003 
300 |a 1 Video cassette (VHS) ( ) :   |b sd., col. ;   |c 1/2 in. 
650 0 0 |a Victoria Falls (Zambia and Zimbabwe   |x Guidelosles 
999 |a VHS1099   |b VIDEO   |c Media Collection   |e Default branch